000 00283nam a2200121Ia 4500
008 191201s2016 xx 000 0 und d
100 _aTALUKDER, Ashoke K
245 0 _aMobile Computing
260 _aN. Delhi
_bTMH
_c2016
300 _a627
650 _aM.Tech (ECE)
942 _2ddc
_cBK
999 _c6684
_d6684